Countries with the most Chinese - Statistics

General Stats
  • This quiz has been taken 33 times
  • The average score is 8 of 10
Answer Stats
Diaspora Country % Correct
5.0 Million United States
100%
1.8 Million Canada
97%
1.2 Million Australia
90%
2.8 Million Indonesia
87%
6.6 Million Malaysia
84%
1.0 Million South Korea
84%
9.3 Million Thailand
81%
2.5 Million Singapore
77%
1.3 Million Philippines
74%
1.6 Million Myanmar
61%
No matching quizzes found
Score Distribution
Percent of People with Each Score
Percentile by Number Answered
Your Score History
You have not taken this quiz